[Event "Frankfurt Ch 2009"]
[Site "Ffm-Kalbach, LAZ"]
[Date "2009.05.18"]
[Round "4.1"]
[White "Isserman, Ryhor"]
[Black "Telljohann, Sven"]
[Result "0-1"]
[WhiteElo "2266"]
[BlackElo "2415"]
[PlyCount "80"]
[EventDate "2009.??.??"]
[WhiteTeam "SK Bad Homburg 1927"]
[BlackTeam "Sfr. Schöneck"]

1. e4 e5 2. Nf3 Qe7 3. Bc4 d6 4. Nc3 c6 5. a4 a5 6. d4 h6 7. b3 Bg4 8. dxe5
dxe5 9. h3 Bxf3 10. Qxf3 Qf6 11. Qg4 Nd7 12. O-O Qg6 13. Qxg6 fxg6 14. Be3 Ngf6
15. f3 Bc5 16. Bxc5 Nxc5 17. f4 Nfd7 18. Rad1 Ke7 19. Rd2 exf4 20. Rxf4 Rhf8
21. Rxf8 Rxf8 22. Rf2 Rf6 23. Kf1 Kd6 24. Ke2 Ke5 25. Rxf6 Nxf6 26. Ke3 Nfxe4
27. Nxe4 Nxe4 28. Bd3 Nf6 29. Be2 Nd5+ 30. Kd2 Kd4 31. Bf3 Nc3 32. h4 Ne4+ 33.
Ke2 b5 34. Bxe4 Kxe4 35. c3 h5 36. Kd2 bxa4 37. bxa4 Kf4 38. Kd3 Kg3 39. Kc4
Kxg2 40. Kc5 g5 0-1

[Event "Frankfurt Ch 2009"]
[Site "Ffm-Kalbach, LAZ"]
[Date "2009.05.18"]
[Round "4.3"]
[White "Zude, Erik"]
[Black "Uwira, Oliver"]
[Result "0-1"]
[WhiteElo "2377"]
[BlackElo "2286"]
[PlyCount "62"]
[EventDate "2009.??.??"]
[WhiteTeam "SV 1920 Hofheim"]
[BlackTeam "SC 1961 König Nied"]

1. d4 d5 2. c4 Nc6 3. Nf3 Bg4 4. cxd5 Bxf3 5. gxf3 Qxd5 6. e3 e5 7. Nc3 Bb4 8.
Bd2 Bxc3 9. bxc3 Qd6 10. Qb3 Nf6 11. Qxb7 O-O 12. Be2 Rab8 13. Qa6 Rb2 14. Bc1
Rb6 15. Ba3 Qd7 16. Qa4 Re8 17. Bc5 Rb2 18. Bb5 Qf5 19. Be2 Re6 20. Qd1 exd4
21. cxd4 Nd5 22. e4 Rxe4 23. fxe4 Qxe4 24. O-O Rxe2 25. Qb3 Ne3 26. Qxe3 Rxe3
27. fxe3 Qxe3+ 28. Kh1 Qe4+ 29. Kg1 Nxd4 30. Rad1 Ne6 31. Bxa7 h6 0-1

[Event "Frankfurt Ch 2009"]
[Site "Ffm-Kalbach, LAZ"]
[Date "2009.05.18"]
[Round "4.4"]
[White "Klundt, Klaus"]
[Black "Kaliski, Erwin"]
[Result "0-1"]
[WhiteElo "2347"]
[BlackElo "2231"]
[PlyCount "112"]
[EventDate "2009.??.??"]
[WhiteTeam "SF Burgsinn"]
[BlackTeam "SC Bad Nauheim"]

1. e4 e6 2. d3 d5 3. Nd2 f5 4. Ngf3 dxe4 5. dxe4 fxe4 6. Nxe4 Qxd1+ 7. Kxd1 Nf6
8. Bd3 Nxe4 9. Bxe4 Bc5 10. Ke2 O-O 11. Be3 Na6 12. Rhd1 Bxe3 13. Kxe3 Nc5 14.
Rd4 Nxe4 15. Rxe4 Rd8 16. Rc4 c6 17. Rd4 Rxd4 18. Kxd4 Kf7 19. Ke5 Ke7 20. Ng5
Bd7 21. f4 Rf8 22. g4 h5 23. h3 hxg4 24. hxg4 Rh8 25. Ne4 Rh2 26. Rc1 b6 27. b4
Re2 28. Kd4 Be8 29. f5 Rg2 30. fxe6 Rxg4 31. Ke5 Bg6 32. Nf2 Rxb4 33. Rg1 Rb5+
34. Kd4 Rd5+ 35. Kc3 Rc5+ 36. Kd4 Rxc2 37. Rxg6 Rxf2 38. Rxg7+ Kxe6 39. Rxa7
Rf4+ 40. Ke3 Rc4 41. a4 Kd6 42. Kd3 Kc5 43. a5 b5 44. Ra8 Ra4 45. Kc3 b4+ 46.
Kb3 Ra3+ 47. Kb2 Kb5 48. Rb8+ Kxa5 49. Ra8+ Kb5 50. Rxa3 bxa3+ 51. Kxa3 Kc4 52.
Kb2 Kd3 53. Kb3 c5 54. Kb2 c4 55. Kc1 Kc3 56. Kb1 Kd2 0-1

[Event "Frankfurt Ch 2009"]
[Site "Ffm-Kalbach, LAZ"]
[Date "2009.05.18"]
[Round "4.5"]
[White "Brüggemann, Ludger"]
[Black "Schlamp, Robert"]
[Result "0-1"]
[WhiteElo "2211"]
[BlackElo "2301"]
[PlyCount "62"]
[EventDate "2009.??.??"]
[WhiteTeam "Sfr. Olfen 1975"]
[BlackTeam "SV Oberursel"]

1. e4 e6 2. d3 d5 3. Nd2 c5 4. g3 Nc6 5. Bg2 Nf6 6. Ngf3 Be7 7. O-O O-O 8. h3
Qc7 9. c3 b6 10. Qc2 Ba6 11. Re1 Rfd8 12. Bf1 Rac8 13. Nh2 dxe4 14. dxe4 Bxf1
15. Ndxf1 Qb7 16. Bf4 b5 17. Nf3 c4 18. Rad1 Nb8 19. Rxd8+ Rxd8 20. Bxb8 Rxb8
21. Qe2 Nd7 22. e5 Nc5 23. Rd1 h6 24. N1h2 Rd8 25. Rxd8+ Bxd8 26. Ne1 Bb6 27.
Nhf3 Qd5 28. Nd4 a6 29. Qe3 Na4 30. Qe2 Bxd4 31. cxd4 Qxd4 0-1

[Event "Frankfurt Ch 2009"]
[Site "Ffm-Kalbach, LAZ"]
[Date "2009.05.18"]
[Round "4.6"]
[White "Rapoport, Vladimir"]
[Black "Schramm, Christian"]
[Result "0-1"]
[WhiteElo "2296"]
[BlackElo "2307"]
[PlyCount "110"]
[EventDate "2009.??.??"]
[WhiteTeam "SC Heusenstamm"]
[BlackTeam "SC 1959 Obernau"]

1. Nf3 g6 2. g3 Bg7 3. Bg2 d6 4. e4 Nd7 5. d3 a6 6. O-O b6 7. Re1 Bb7 8. Nbd2
e6 9. Nc4 Ne7 10. c3 O-O 11. Ne3 h6 12. Qc2 Kh7 13. d4 Qb8 14. c4 Qa7 15. b3
Rad8 16. Bb2 Qa8 17. Nd2 Nc6 18. Qd3 Nb4 19. Qb1 c5 20. a3 Nc6 21. d5 Nd4 22.
Ra2 Rde8 23. f4 Qd8 24. Nf3 exd5 25. exd5 Bc8 26. Qd3 Nxf3+ 27. Bxf3 Nf6 28.
Bc3 Re7 29. Rae2 Rfe8 30. Qd2 Ne4 31. Bxe4 Rxe4 32. Nd1 Rxe2 33. Rxe2 Bg4 34.
Rxe8 Qxe8 35. Bxg7 Kxg7 36. Ne3 Bd7 37. Qd3 Qe7 38. Qc3+ f6 39. Kf2 Qe4 40. h4
Bh3 41. Ke2 Bg4+ 42. Kd2 Bd7 43. Nc2 Qg2+ 44. Kc1 Bf5 45. Ne1 Qe2 46. a4 h5 47.
Qd2 Qe4 48. Qc3 Qb1+ 49. Kd2 Bg4 50. Qe3 Kf7 51. Nc2 Qd1+ 52. Kc3 Bf5 53. Ne1
Qa1+ 54. Kd2 Qa2+ 55. Kd1 Bg4+ 0-1

[Event "Frankfurt Ch 2009"]
[Site "Ffm-Kalbach, LAZ"]
[Date "2009.05.18"]
[Round "4.7"]
[White "Dubiel, Jacek"]
[Black "Schreiner, Roland"]
[Result "1-0"]
[WhiteElo "2397"]
[BlackElo "2153"]
[PlyCount "53"]
[EventDate "2009.??.??"]
[WhiteTeam "vereinslos"]
[BlackTeam "SC Heusenstamm"]

1. e4 d6 2. d4 Nf6 3. Nc3 g6 4. Be3 c6 5. Qd2 b5 6. f3 a6 7. O-O-O Qa5 8. Kb1
Nbd7 9. h4 e5 10. g4 exd4 11. Bxd4 b4 12. Nce2 c5 13. Be3 Ne5 14. Nf4 Bb7 15.
g5 Nfd7 16. Nd5 Bxd5 17. Qxd5 Rb8 18. Bf4 Nb6 19. Qd2 Na4 20. Bxe5 Nc3+ 21.
Bxc3 bxc3 22. Qd5 Rxb2+ 23. Ka1 Qa3 24. Bh3 Kd8 25. Ne2 Rxc2 26. Qa8+ Kc7 27.
Qa7+ 1-0

[Event "Frankfurt Ch 2009"]
[Site "Ffm-Kalbach, LAZ"]
[Date "2009.05.18"]
[Round "4.8"]
[White "Drill, Frank"]
[Black "Solonar, Stefan"]
[Result "1/2-1/2"]
[WhiteElo "2133"]
[BlackElo "2371"]
[PlyCount "27"]
[EventDate "2009.??.??"]
[WhiteTeam "Sfr.Neuberg"]
[BlackTeam "SC Heusenstamm"]

1. d4 g6 2. e4 Bg7 3. Nc3 c5 4. dxc5 Qa5 5. Bd3 Na6 6. Nge2 Nxc5 7. O-O Nxd3 8.
Qxd3 Nf6 9. Bd2 O-O 10. Nd5 Qd8 11. Nxf6+ Bxf6 12. Bc3 Bxc3 13. Nxc3 d6 14. Qe3
1/2-1/2

[Event "Frankfurt Ch 2009"]
[Site "Ffm-Kalbach, LAZ"]
[Date "2009.05.18"]
[Round "4.9"]
[White "Perlitz, Sven"]
[Black "Prudlo, Simon"]
[Result "0-1"]
[WhiteElo "2152"]
[BlackElo "2238"]
[PlyCount "120"]
[EventDate "2009.??.??"]
[WhiteTeam "SC 1961 König Nied"]
[BlackTeam "vereinslos"]

1. e4 e6 2. d4 d5 3. Nd2 Nf6 4. e5 Nfd7 5. Bd3 c5 6. c3 Nc6 7. Ne2 cxd4 8. cxd4
f6 9. Nf4 Nxd4 10. Qh5+ Ke7 11. exf6+ Nxf6 12. Ng6+ hxg6 13. Qxh8 Kf7 14. Qh4
e5 15. Nf3 Nxf3+ 16. gxf3 Bf5 17. Bxf5 gxf5 18. Bg5 Qa5+ 19. Kf1 g6 20. Qh8
Qa6+ 21. Kg2 Rd8 22. Rac1 Rd7 23. Rhe1 Qd6 24. Bxf6 Qxf6 25. Qh7+ Qg7 26. Qh4
d4 27. Qg3 Bd6 28. Qh4 g5 29. Qh5+ Kf6 30. Rc8 Qh7 31. Rh8 Qxh5 32. Rxh5 Kg6
33. Rh8 b6 34. h4 gxh4 35. Rg1 Kf7 36. Rxh4 Ke6 37. Rc1 Kd5 38. Rh5 Rf7 39. Kf1
d3 40. Ke1 Bb4+ 41. Kd1 Rg7 42. Rh1 Rg2 43. Rf1 Bc5 44. Ke1 e4 45. fxe4+ fxe4
46. Rb1 Rh2 47. a3 Bd4 48. b3 a5 49. b4 axb4 50. axb4 b5 51. Rb3 Kc4 52. Rb1
Bc3+ 53. Kd1 Bxb4 54. Rc1+ Bc3 55. Rb1 b4 56. Rc1 b3 57. Rb1 b2 58. Rg1 Rxf2
59. Rh1 Rd2+ 60. Ke1 Rh2+ 0-1

[Event "Frankfurt Ch 2009"]
[Site "Ffm-Kalbach, LAZ"]
[Date "2009.05.18"]
[Round "4.10"]
[White "Sadeghi, Behrang"]
[Black "Kosak, Michael"]
[Result "1-0"]
[WhiteElo "2283"]
[BlackElo "2128"]
[PlyCount "99"]
[EventDate "2009.??.??"]
[WhiteTeam "Sfr.1891 Friedberg"]
[BlackTeam "SK 1858 Gießen"]

1. e4 c5 2. Nc3 Nc6 3. f4 g6 4. Nf3 Bg7 5. Bb5 Nd4 6. Nxd4 cxd4 7. Ne2 Qb6 8.
Ba4 Nf6 9. d3 O-O 10. O-O d5 11. e5 Ng4 12. Bb3 Qc5 13. h3 Nh6 14. Qe1 f6 15.
Ng3 fxe5 16. fxe5 Rxf1+ 17. Nxf1 Be6 18. Nh2 Rf8 19. Nf3 Nf5 20. Bd2 Bh6 21.
Bxh6 Nxh6 22. Qf2 Nf5 23. c3 Qc8 24. Nxd4 Nxd4 25. Qxd4 Qd7 26. Rf1 b6 27.
Rxf8+ Kxf8 28. c4 dxc4 29. Qxd7 Bxd7 30. Bxc4 g5 31. Kf2 Kg7 32. d4 Bc6 33. d5
Ba4 34. b3 Be8 35. a3 h6 36. Ke3 Kg6 37. Bd3+ Kf7 38. a4 Kg7 39. Bf5 Kf8 40.
Kd4 Bf7 41. b4 Be8 42. a5 Bb5 43. d6 exd6 44. exd6 Kf7 45. Ke5 Bc4 46. Bg4 Bf1
47. Bh5+ Kf8 48. Kf6 Bb5 49. Bg4 Ke8 50. Kg6 1-0

[Event "Frankfurt Ch 2009"]
[Site "Ffm-Kalbach, LAZ"]
[Date "2009.05.18"]
[Round "4.11"]
[White "Schwenkreis, Thomas"]
[Black "Koch, Markus"]
[Result "1-0"]
[WhiteElo "2041"]
[BlackElo "2008"]
[PlyCount "77"]
[EventDate "2009.??.??"]
[WhiteTeam "SV Oberursel"]
[BlackTeam "SC Brett vor'm Kopp Ffm"]

1. e4 d5 2. exd5 Qxd5 3. Nc3 Qd6 4. Be2 Nf6 5. Nf3 a6 6. a4 Nc6 7. O-O Bf5 8.
d3 e6 9. Nh4 Bg6 10. Bf3 Be7 11. g3 O-O-O 12. Be3 Nd4 13. Bxd4 Qxd4 14. a5 Nd5
15. Nxd5 exd5 16. Nxg6 hxg6 17. c3 Qf6 18. Bg2 g5 19. Re1 Bd6 20. Re3 Rxh2 21.
Qf3 Rdh8 22. Qxf6 gxf6 23. Bxd5 c6 24. Bg2 f5 25. Rae1 Kd7 26. d4 R2h6 27. Kf1
g4 28. b4 R8h7 29. d5 c5 30. bxc5 Bxc5 31. Re5 Rf6 32. f4 gxf3 33. Bxf3 f4 34.
g4 Rh3 35. Ke2 Rh2+ 36. Kd3 Rf2 37. Be4 b5 38. g5 Rb6 39. Bf5+ 1-0

[Event "Frankfurt Ch 2009"]
[Site "Ffm-Kalbach, LAZ"]
[Date "2009.05.18"]
[Round "4.12"]
[White "Reschke, Stefan"]
[Black "Klyszcz, Michael"]
[Result "1-0"]
[WhiteElo "2375"]
[BlackElo "2056"]
[PlyCount "43"]
[EventDate "2009.??.??"]
[WhiteTeam "VSG 1880 Offenbach"]
[BlackTeam "SC Heusenstamm"]

1. c4 b6 2. d4 Bb7 3. Nc3 e6 4. a3 a5 5. e4 g6 6. h4 Bg7 7. h5 g5 8. Be3 d6 9.
Bd3 Nd7 10. Qd2 h6 11. Nge2 Ne7 12. Bc2 Nf6 13. f3 Nd7 14. O-O-O Ba6 15. b3 Qb8
16. a4 c6 17. d5 cxd5 18. exd5 exd5 19. Nxd5 Nc5 20. Nxe7 Kxe7 21. Ng3 Bc8 22.
Bxg5+ 1-0

[Event "Frankfurt Ch 2009"]
[Site "Ffm-Kalbach, LAZ"]
[Date "2009.05.18"]
[Round "4.13"]
[White "Henrich, Thomas"]
[Black "Goldt, Rainer"]
[Result "1-0"]
[WhiteElo "2209"]
[BlackElo "1883"]
[PlyCount "55"]
[EventDate "2009.??.??"]
[WhiteTeam "SK 1858 Gießen"]
[BlackTeam "Kreuznacher SV 1921 e.V."]

1. d4 d5 2. c4 e6 3. Nc3 Nf6 4. cxd5 exd5 5. Bg5 Nbd7 6. e3 Be7 7. Qc2 h6 8.
Bh4 O-O 9. Nf3 c6 10. Bd3 Re8 11. O-O Ne4 12. Bxe7 Qxe7 13. Rae1 Nxc3 14. bxc3
Nf6 15. Ne5 Be6 16. f3 Rac8 17. e4 Qc7 18. Qa4 a5 19. Qa3 Nd7 20. Nxd7 Bxd7 21.
Rb1 Qf4 22. Kh1 Qe3 23. Rbd1 b6 24. Qd6 Be6 25. Rfe1 Qg5 26. f4 Red8 27. Qxe6
Qxf4 28. Qh3 1-0

[Event "Frankfurt Ch 2009"]
[Site "Ffm-Kalbach, LAZ"]
[Date "2009.05.18"]
[Round "4.14"]
[White "Cors, Heinz-Friedrich"]
[Black "Reschke, Thomas"]
[Result "0-1"]
[WhiteElo "1984"]
[BlackElo "2222"]
[PlyCount "52"]
[EventDate "2009.??.??"]
[WhiteTeam "Schachforum Darmstadt"]
[BlackTeam "SC Frankfurt-West"]

1. e4 g6 2. d4 Bg7 3. Nc3 c6 4. Nf3 d5 5. h3 dxe4 6. Nxe4 Nd7 7. Bd3 Ngf6 8.
Nxf6+ Nxf6 9. O-O O-O 10. c4 b6 11. Be3 Bb7 12. Qe2 Qc7 13. Rac1 Rad8 14. Rfe1
Rfe8 15. Red1 c5 16. Bb1 Nh5 17. dxc5 bxc5 18. Rxd8 Rxd8 19. Bg5 Bxf3 20. Qxf3
Qe5 21. Be3 Qxb2 22. g4 Nf6 23. Kg2 Nd7 24. Qd1 Bd4 25. Rc2 Qb7+ 26. Kg1 Ne5
0-1

[Event "Frankfurt Ch 2009"]
[Site "Ffm-Kalbach, LAZ"]
[Date "2009.05.18"]
[Round "4.16"]
[White "Rasche, Hannes"]
[Black "Holzschuh, Gerald"]
[Result "1/2-1/2"]
[WhiteElo "1993"]
[BlackElo "2150"]
[PlyCount "55"]
[EventDate "2009.??.??"]
[WhiteTeam "SC Matt im Park Ffm"]
[BlackTeam "SC Bad Nauheim"]

1. d4 Nf6 2. c4 c5 3. d5 e6 4. Nc3 exd5 5. Nxd5 Nxd5 6. Qxd5 Nc6 7. Nf3 d6 8.
Bd2 Be6 9. Qd3 d5 10. cxd5 Qxd5 11. Qxd5 Bxd5 12. e3 Be7 13. Bc3 O-O 14. Be2
Nb4 15. Bxb4 cxb4 16. O-O Bf6 17. Rfd1 Rfd8 18. Nd4 Rac8 19. Bg4 Rc5 20. b3 g6
21. Rd2 b6 22. Rad1 Bb7 23. Be2 Rg5 24. Nf3 Rxd2 25. Rxd2 Rd5 26. Rxd5 Bxd5 27.
Bd3 Bxf3 28. gxf3 1/2-1/2

[Event "Frankfurt Ch 2009"]
[Site "Ffm-Kalbach, LAZ"]
[Date "2009.05.18"]
[Round "4.18"]
[White "Matthis, Peter"]
[Black "Kabir, Razaul"]
[Result "1-0"]
[WhiteElo "1843"]
[BlackElo "2100"]
[PlyCount "107"]
[EventDate "2009.??.??"]
[WhiteTeam "SC Heusenstamm"]
[BlackTeam "Sfr. Frankfurt 1921"]

1. e4 c5 2. Nf3 e6 3. d4 cxd4 4. Nxd4 Nc6 5. Nc3 Qc7 6. Be3 a6 7. Bd3 b5 8. O-O
Nf6 9. Kh1 Bb7 10. f4 b4 11. e5 bxc3 12. exf6 cxb2 13. Rb1 gxf6 14. Be4 Ba3 15.
Qd3 Qa5 16. Qb3 O-O-O 17. Nxc6 Bxc6 18. Bxc6 dxc6 19. Bb6 Qb5 20. Qxa3 Qxb6 21.
Rxb2 Qa7 22. Qf3 Kc7 23. Rfb1 Rb8 24. Qh5 Kd6 25. Rxb8 Rxb8 26. Rd1+ Ke7 27. f5
Rb5 28. Qxh7 Rxf5 29. Qh8 Qd4 30. Rg1 Qc4 31. Qc8 Rf2 32. h3 e5 33. Rd1 Rf1+
34. Rxf1 Qxf1+ 35. Kh2 Qf4+ 36. Kh1 Qc1+ 37. Kh2 Qxc2 38. Qxa6 e4 39. Qa7+ Ke6
40. h4 Qd3 41. Qa8 Qd6+ 42. Kg1 Qc5+ 43. Kf1 Kf5 44. Qc8+ Kf4 45. Qh3 Qc1+ 46.
Ke2 Qb2+ 47. Kf1 Qb1+ 48. Kf2 Qxa2+ 49. Kf1 Qb1+ 50. Kf2 Qc2+ 51. Ke1 Qd3 52.
g3+ Qxg3+ 53. Qxg3+ Kxg3 54. h5 1-0

[Event "Frankfurt Ch 2009"]
[Site "Ffm-Kalbach, LAZ"]
[Date "2009.05.18"]
[Round "4.19"]
[White "Janotta, Steffi"]
[Black "Gutacker, Stephan"]
[Result "1-0"]
[WhiteElo "2027"]
[BlackElo "1967"]
[PlyCount "87"]
[EventDate "2009.??.??"]
[WhiteTeam "SC Heusenstamm"]
[BlackTeam "Sfr.1932 Kelkheim"]

1. e4 e5 2. Nf3 Nc6 3. Bb5 a6 4. Ba4 Nf6 5. O-O b5 6. Bb3 Bb7 7. Re1 Bc5 8. c3
d6 9. h3 O-O 10. d3 h6 11. Nbd2 Re8 12. Nf1 d5 13. Qe2 dxe4 14. dxe4 Na5 15.
Bc2 Nc4 16. Ng3 Nd6 17. Nh2 Bc8 18. Ng4 Nxg4 19. hxg4 Qf6 20. Nf5 Nxf5 21. gxf5
Qh4 22. Be3 Bd6 23. a4 Bd7 24. Qf3 Rab8 25. g3 Qf6 26. axb5 axb5 27. Kg2 b4 28.
g4 bxc3 29. bxc3 Rb2 30. Ba4 Bxa4 31. Rxa4 Reb8 32. Qh3 Be7 33. Rc4 Qd6 34. Qh1
Qd3 35. Qf1 Qxf1+ 36. Rxf1 Bd6 37. Rc6 f6 38. Rd1 R2b7 39. c4 Kf8 40. c5 Be7
41. Rd7 Rc8 42. Re6 Re8 43. c6 Rb4 44. Rexe7 1-0

[Event "Frankfurt Ch 2009"]
[Site "Ffm-Kalbach, LAZ"]
[Date "2009.05.18"]
[Round "4.20"]
[White "Ganjian, Mehrdad"]
[Black "Rosa, Mike"]
[Result "1/2-1/2"]
[WhiteElo "1834"]
[BlackElo "2119"]
[PlyCount "55"]
[EventDate "2009.??.??"]
[WhiteTeam "Sfr. Frankfurt 1921"]
[BlackTeam "Chess Tigers SFV"]

1. Nf3 Nf6 2. c4 e6 3. Nc3 d5 4. e3 c6 5. d4 dxc4 6. Bxc4 b5 7. Bd3 Bb7 8. Bd2
a6 9. a4 Be7 10. Ne4 Nbd7 11. Rc1 Rc8 12. Nxf6+ Nxf6 13. Qe2 Nd5 14. O-O Bd6
15. Rfd1 O-O 16. Ne1 Qe7 17. f4 f6 18. Qh5 g6 19. Qg4 Kh8 20. Qh4 Qg7 21. Nf3
Nb4 22. Bf1 Qd7 23. Re1 c5 24. axb5 axb5 25. Bxb4 cxb4 26. Qf2 Bd5 27. Nd2 e5
28. Bd3 1/2-1/2

[Event "Frankfurt Ch 2009"]
[Site "Ffm-Kalbach, LAZ"]
[Date "2009.05.20"]
[Round "4.21"]
[White "Marzahn, Heiko"]
[Black "Winter, Olaf"]
[Result "1/2-1/2"]
[WhiteElo "1985"]
[BlackElo "1674"]
[PlyCount "87"]
[EventDate "2009.??.??"]
[WhiteTeam "Sfr.Erbach"]
[BlackTeam "SK 1924 Pfungstadt"]

1. e4 c5 2. Nf3 Nc6 3. d4 cxd4 4. Nxd4 a6 5. Nc3 g6 6. Be3 Bg7 7. Qd2 e6 8.
O-O-O Nge7 9. Nb3 b5 10. Bh6 O-O 11. h4 b4 12. Na4 d5 13. h5 dxe4 14. Qe3 Nd5
15. Rxd5 exd5 16. Bxg7 Kxg7 17. hxg6 hxg6 18. Qh6+ Kf6 19. Nb6 Rb8 20. Nxd5+
Qxd5 21. Qxf8 Bg4 22. Bc4 Qxc4 23. Qd6+ Be6 24. Qf4+ Ke7 25. Qc7+ Bd7 26. Na5
Nxa5 27. Qxb8 Qxa2 28. Qxb4+ Kf6 29. Qd4+ Ke7 30. Qxe4+ Be6 31. Qb4+ Kf6 32.
Qh4+ Ke5 33. Re1+ Kd5 34. Qe4+ Kd6 35. Rd1+ Kc7 36. Qe5+ Kb7 37. b3 Qa3+ 38.
Kb1 Qb4 39. Rd4 Qb5 40. Qd6 Nc6 41. Rd1 a5 42. Qf4 Bf5 43. Kb2 Qe5+ 44. Qxe5
1/2-1/2

[Event "Frankfurt Ch 2009"]
[Site "Ffm-Kalbach, LAZ"]
[Date "2009.05.18"]
[Round "4.22"]
[White "Syed, Tareq"]
[Black "Makilla, Tobias"]
[Result "1-0"]
[WhiteElo "2118"]
[BlackElo "1945"]
[PlyCount "59"]
[EventDate "2009.??.??"]
[WhiteTeam "SC Brett vor'm Kopp Ffm"]
[BlackTeam "Sfr.1932 Kelkheim"]

1. e4 e5 2. Nf3 Nc6 3. Bc4 Bc5 4. c3 Nf6 5. d3 h6 6. h3 d6 7. Bb3 Be6 8. Bc2
O-O 9. Nbd2 Nh7 10. g4 d5 11. Qe2 d4 12. Nf1 Re8 13. Ng3 Qd7 14. Nf5 b5 15. h4
Rad8 16. Rg1 b4 17. Ba4 Bxf5 18. gxf5 dxc3 19. Bxh6 Bf8 20. b3 Re7 21. O-O-O
Nd4 22. Nxd4 Qxd4 23. Be3 Qd6 24. Kc2 c5 25. h5 Rb8 26. h6 f6 27. Rg6 Qc7 28.
Qh5 Ng5 29. Bxg5 fxg5 30. f6 1-0

[Event "Frankfurt Ch 2009"]
[Site "Ffm-Kalbach, LAZ"]
[Date "2009.05.18"]
[Round "4.23"]
[White "Sarközy, Benjamin"]
[Black "Richter, Tobias"]
[Result "0-1"]
[WhiteElo "1820"]
[BlackElo "2099"]
[PlyCount "86"]
[EventDate "2009.??.??"]
[WhiteTeam "SC 1933 Somborn"]
[BlackTeam "SV Merseburg e. V."]

1. d4 Nf6 2. Nf3 e6 3. Bg5 h6 4. Bh4 c5 5. c3 Qb6 6. Qb3 Nc6 7. e3 d5 8. Nbd2
Bd7 9. Bd3 Qc7 10. Bg3 Bd6 11. dxc5 Bxg3 12. hxg3 e5 13. e4 Be6 14. Qc2 O-O-O
15. O-O Rd7 16. exd5 Rxd5 17. b4 Rhd8 18. Bc4 R5d7 19. Bxe6 fxe6 20. Rfe1 Rd5
21. Nc4 Kb8 22. Nd6 b6 23. Rab1 bxc5 24. bxc5+ Ka8 25. Rb7 Qa5 26. Rb5 Qa3 27.
Reb1 Qa6 28. c4 Nd4 29. Nxd4 Rxd4 30. Qb3 Nd7 31. Qf3+ e4 32. Nxe4 Ne5 33. Qb3
Nd7 34. Nd6 Qc6 35. Qa4 Nb6 36. Rxb6 Qxa4 37. R6b4 Rd1+ 38. Kh2 Qc2 39. Nb5
R1d7 40. c6 a5 41. R4b2 Qxc4 42. cxd7 Rxd7 43. Na3 Qc5 0-1

[Event "Frankfurt Ch 2009"]
[Site "Ffm-Kalbach, LAZ"]
[Date "2009.05.18"]
[Round "4.24"]
[White "Fischer, Manfred"]
[Black "Benninger, Rudolf"]
[Result "0-1"]
[WhiteElo "1986"]
[BlackElo "2141"]
[PlyCount "74"]
[EventDate "2009.??.??"]
[WhiteTeam "SC FK Babenhausen 1994"]
[BlackTeam "SC Heusenstamm"]

1. e4 g6 2. d4 Bg7 3. Nc3 c5 4. Nf3 Qa5 5. Bc4 Qb4 6. Qd3 cxd4 7. Nxd4 Nc6 8.
a3 Qc5 9. Nxc6 dxc6 10. Be3 Qa5 11. b4 Qe5 12. Bd2 Nf6 13. Rd1 O-O 14. O-O Ng4
15. f4 Qd4+ 16. Kh1 Nf2+ 17. Rxf2 Qxf2 18. Be3 Qh4 19. Ne2 Bg4 20. Rf1 Rad8 21.
Qb3 Bxe2 22. Bxe2 Bd4 23. Bxd4 Rxd4 24. Bd3 e6 25. Qc3 Rfd8 26. Qc5 a6 27. Qb6
R4d7 28. a4 Qf6 29. e5 Qe7 30. g3 Rd4 31. Rb1 Qd7 32. Rb3 Qd5+ 33. Kg1 Rd7 34.
b5 Rxa4 35. bxa6 bxa6 36. Bxa6 Ra1+ 37. Rb1 Qd4+ 0-1

[Event "Frankfurt Ch 2009"]
[Site "Ffm-Kalbach, LAZ"]
[Date "2009.05.18"]
[Round "4.25"]
[White "Moranda, Katarzyna"]
[Black "Barten, Stephan"]
[Result "0-1"]
[WhiteElo "1841"]
[BlackElo "1987"]
[PlyCount "38"]
[EventDate "2009.??.??"]
[WhiteTeam "vereinslos"]
[BlackTeam "Sfr. Frankfurt 1921"]

1. d4 Nf6 2. c4 c5 3. d5 b5 4. b3 bxc4 5. bxc4 g6 6. Bb2 Bg7 7. Nd2 O-O 8. e4
d6 9. f4 Qa5 10. e5 dxe5 11. fxe5 Ng4 12. Qe2 Qb4 13. Rb1 Bf5 14. a3 Qb6 15.
Ne4 Nxe5 16. Rd1 Nbd7 17. Rd2 Rab8 18. Nf3 Nxf3+ 19. gxf3 Bxb2 0-1

[Event "Frankfurt Ch 2009"]
[Site "Ffm-Kalbach, LAZ"]
[Date "2009.05.18"]
[Round "4.26"]
[White "Rutkowski, Jörg"]
[Black "Djakow, Alexander"]
[Result "0-1"]
[WhiteElo "2072"]
[BlackElo "1802"]
[PlyCount "94"]
[EventDate "2009.??.??"]
[WhiteTeam "SC Frankfurt-West"]
[BlackTeam "SC Bad Nauheim"]

1. d4 d5 2. c4 e6 3. Nc3 Nf6 4. cxd5 exd5 5. Bg5 Be7 6. e3 O-O 7. Bd3 Nbd7 8.
Qc2 c5 9. Nf3 c4 10. Be2 h6 11. Bh4 Bb4 12. O-O Qa5 13. Bxf6 Nxf6 14. Ne5 Bxc3
15. bxc3 Ne4 16. Rac1 Bf5 17. Qb2 f6 18. Nf3 Rab8 19. Nh4 Bh7 20. g3 Rfd8 21.
f3 Ng5 22. Ng2 Nh3+ 23. Kh1 Rd6 24. f4 Rb6 25. Qd2 Qa3 26. Bg4 Rb2 27. Qe1 Nf2+
28. Rxf2 Rxf2 29. Qxf2 Qxc1+ 30. Qe1 Qxe1+ 31. Nxe1 Be4+ 32. Kg1 Kf7 33. Kf2 b5
34. a3 a5 35. Nf3 b4 36. axb4 axb4 37. cxb4 Rxb4 38. Nd2 Rb2 39. Ke1 Bd3 40.
Bf3 Ke6 41. e4 c3 42. exd5+ Kd6 43. Ne4+ Bxe4 44. Bxe4 Rxh2 45. Kd1 Rd2+ 46.
Kc1 Rxd4 47. Bf3 Rd3 0-1

[Event "Frankfurt Ch 2009"]
[Site "Ffm-Kalbach, LAZ"]
[Date "2009.05.18"]
[Round "4.27"]
[White "Frank, Andreas"]
[Black "Kolker, Vladislav"]
[Result "0-1"]
[WhiteElo "1824"]
[BlackElo "2100"]
[PlyCount "64"]
[EventDate "2009.??.??"]
[WhiteTeam "Biebertaler Sfr."]
[BlackTeam "Sfr.1891 Friedberg"]

1. e4 c5 2. Nf3 a6 3. d4 cxd4 4. Nxd4 Nf6 5. Nc3 e5 6. Nf5 d5 7. Nxd5 Nxd5 8.
Bc4 Bxf5 9. Bxd5 Be6 10. Bxb7 Qxd1+ 11. Kxd1 Ra7 12. Bd5 Bc5 13. Be3 Bxe3 14.
fxe3 Ke7 15. Rf1 Nd7 16. b3 Nf6 17. c4 Ng4 18. Ke2 Nxh2 19. Rh1 Ng4 20. Rh4 h5
21. Rf1 g6 22. Rfh1 Rb8 23. Rb1 a5 24. Rhh1 Kd6 25. Rhf1 Kc5 26. Kd3 Bxd5 27.
exd5 e4+ 28. Kc3 Ne5 29. Rf2 f5 30. a3 Nxc4 31. b4+ axb4+ 32. axb4+ Kb5 0-1

[Event "Frankfurt Ch 2009"]
[Site "Ffm-Kalbach, LAZ"]
[Date "2009.05.18"]
[Round "4.28"]
[White "Graebner, Walter"]
[Black "Genis, Roy"]
[Result "1-0"]
[WhiteElo "2053"]
[BlackElo "1937"]
[PlyCount "67"]
[EventDate "2009.??.??"]
[WhiteTeam "SC 1961 König Nied"]
[BlackTeam "SG 1945 Dietzenbach"]

1. d4 d5 2. c4 c6 3. Nf3 Nf6 4. Nc3 e6 5. Bg5 dxc4 6. e4 b5 7. e5 h6 8. Bh4 g5
9. Nxg5 hxg5 10. Bxg5 Nbd7 11. exf6 Qa5 12. g3 Bb7 13. Bg2 O-O-O 14. O-O b4 15.
Ne4 c5 16. Qf3 Bd5 17. Be3 cxd4 18. Bxd4 Bc5 19. Qf4 Bxe4 20. Qxe4 Qb6 21. Bxc5
Nxc5 22. Qxc4 Kb8 23. Rac1 Rc8 24. Qf4+ Rc7 25. Rfd1 a5 26. Rd6 Qa7 27. Rc6 Nd3
28. Qxc7+ Qxc7 29. Rxc7 Nxc1 30. Rxc1 Rh6 31. Rc5 Rxf6 32. Rxa5 Rf5 33. Rxf5
exf5 34. h4 1-0

[Event "Frankfurt Ch 2009"]
[Site "Ffm-Kalbach, LAZ"]
[Date "2009.05.18"]
[Round "4.29"]
[White "Göbel, Andreas"]
[Black "Benikhis, Avram"]
[Result "1-0"]
[WhiteElo "2047"]
[BlackElo "1762"]
[PlyCount "75"]
[EventDate "2009.??.??"]
[WhiteTeam "SC Brett vor'm Kopp Ffm"]
[BlackTeam "SC Eschbach i. USI-Land"]

1. Nf3 c5 2. g3 d5 3. Bg2 Nc6 4. d4 cxd4 5. Nxd4 e5 6. Nxc6 bxc6 7. O-O Qb6 8.
c4 d4 9. e3 Be6 10. Qa4 Rc8 11. exd4 exd4 12. Nd2 Ne7 13. c5 Qd8 14. Ne4 Nf5
15. Bf4 Be7 16. Nd6+ Bxd6 17. Bxc6+ Kf8 18. cxd6 g5 19. Be5 f6 20. d7 fxe5 21.
dxc8=Q Qxc8 22. Rac1 Ne7 23. Qxa7 Nxc6 24. Qc5+ Kf7 25. Qxc6 Qxc6 26. Rxc6 Bxa2
27. Ra1 Ra8 28. b4 d3 29. Rd6 Ra3 30. b5 Ke7 31. Ra6 Rxa6 32. bxa6 Bd5 33. a7
Ba8 34. f3 Ke6 35. Kf2 Kd5 36. Ke3 g4 37. fxg4 e4 38. Rc1 1-0